Countries Most Similar To Philippines - Statistics

General Stats
  • This quiz has been taken 410 times
  • The average score is 6 of 20
Answer Stats
Rank Country Score % Correct
1 Indonesia 69.9
96%
2 Malaysia 65.6
89%
7 Vietnam 63.3
68%
4 Dominican Republic 64.6
49%
3 Samoa 65
47%
5 East Timor 64
43%
10 Colombia 61.6
36%
8 Panama 63.2
29%
9 Guatemala 62.3
25%
14 El Salvador 61
20%
15 Nicaragua 61
19%
6 Vanuatu 63.6
19%
12 Costa Rica 61.1
18%
11 Ecuador 61.3
18%
18 Honduras 60.8
17%
16 Belize 60.9
14%
20 Solomon Islands 60.6
12%
19 Ghana 60.7
11%
13 Madagascar 61.1
11%
17 Liberia 60.9
9%
No matching quizzes found
Score Distribution
Percent of People with Each Score
Percentile by Number Answered
Your Score History
You have not taken this quiz